Hakiat e Roomi (Record no. 322961)
[ view plain ]
| 000 -LEADER | |
|---|---|
| fixed length control field | 00279 a2200121 4500 |
| 001 - CONTROL NUMBER | |
| control field | 87888 |
| 003 - CONTROL NUMBER IDENTIFIER | |
| control field | NUST |
| 082 ## - DEWEY DECIMAL CLASSIFICATION NUMBER | |
| Classification number | 891.551 JAL |
| 100 ## - MAIN ENTRY--PERSONAL NAME | |
| Personal name | Jalal ud Din Roomi |
| 9 (RLIN) | 9740 |
| 245 ## - TITLE STATEMENT | |
| Title | Hakiat e Roomi |
| 260 ## - PUBLICATION, DISTRIBUTION, ETC. | |
| Place of publication, distribution, etc. | Lahore |
| Name of publisher, distributor, etc. | Jhan e Ilm o Adb |
| Date of publication, distribution, etc. | 2010 |
| 300 ## - PHYSICAL DESCRIPTION | |
| Extent | 288p |
| 942 ## - ADDED ENTRY ELEMENTS (KOHA) | |
| Institution code [OBSOLETE] | CAE NUST |
| Koha item type | Book |
| Call number prefix | 891.551 JAL |
| Source of classification or shelving scheme | |
| Withdrawn status | Lost status | Damaged status | Not for loan | Collection code | Permanent Location | Current Location | Date acquired | Total Checkouts | Full call number | Barcode | Date last seen | Price effective from | Koha item type |
|---|---|---|---|---|---|---|---|---|---|---|---|---|---|
| College of Aeronautical Engineering (CAE) | College of Aeronautical Engineering (CAE) | 04/03/2017 | 891.551 JAL | CAE85967 | 04/05/2017 | 04/05/2017 | Book |
